00311nam a2200121Ia 4500003000400000005001700004008004100021020002100062040002000083100001600103245003900119260003100158OSt20240316102335.0170523s9999 xx 000 0 und d a 978-9381348789  cIIMT UNIVERSITY aYadav- K.S. 0aElements of Mechanical Engineering aNew Delhi : Vayu Education